[Event "Mittelfranken Landesliga Sued 2122"]
[Site "Mittelfranken"]
[Date "2022.05.15"]
[Round "5.7"]
[White "Stock, Christoph"]
[Black "Sann, Michael"]
[Result "0-1"]
[WhiteElo "2042"]
[BlackElo "2053"]
[PlyCount "60"]
[EventDate "2021.10.24"]
[EventType "team-tourn"]
[EventRounds "9"]
[EventCountry "GER"]
[SourceTitle "EXT 2024"]
[Source "ChessBase"]
[SourceDate "2023.10.10"]
[SourceVersion "1"]
[SourceVersionDate "2023.10.10"]
[SourceQuality "1"]
[WhiteTeam "Muenchen SC II"]
[BlackTeam "Unterhaching"]
[WhiteTeamCountry "GER"]
[BlackTeamCountry "GER"]

1. d3 d5 2. Bd2 Nf6 3. g3 g6 4. Bg2 Bg7 5. Nc3 0-0 6. e4 dxe4 7. dxe4 Nc6 8. h3 e5 9. Nf3 Qe7 10. 0-0 Be6 11. Qc1 Rfe8 12. Re1 Rad8 13. Kh2 Qf8 14. Ng5 Bc8 15. f4 h6 16. Nf3 exf4 17. Bxf4 Rd7 18. Nd5 Nxe4 19. Nxc7 Ree7 20. Nb5 g5 21. Be3 a6 22. Na7 Nxa7 23. Bxa7 Qd8 24. Bb8 b5 25. c3 Bb7 26. Ba7 Qc7 27. Rxe4 Bxe4 28. Bf2 Qb7 29. Ne1 Bxg2 30. Nxg2 Re2 0-1

[Event "Mittelfranken Landesliga Sued 2122"]
[Site "Mittelfranken"]
[Date "2022.05.08"]
[Round "8.8"]
[White "Schuetz, Guenter"]
[Black "Sann, Michael"]
[Result "0-1"]
[WhiteElo "2065"]
[BlackElo "2053"]
[PlyCount "90"]
[EventDate "2021.10.24"]
[EventType "team-tourn"]
[EventRounds "9"]
[EventCountry "GER"]
[SourceTitle "EXT 2024"]
[Source "ChessBase"]
[SourceDate "2023.10.10"]
[SourceVersion "1"]
[SourceVersionDate "2023.10.10"]
[SourceQuality "1"]
[WhiteTeam "Bayern Muenchen III"]
[BlackTeam "Unterhaching"]
[WhiteTeamCountry "GER"]
[BlackTeamCountry "GER"]

1. e4 Nf6 2. Nc3 d5 3. e5 d4 4. exf6 dxc3 5. fxg7 cxd2+ 6. Qxd2 Qxd2+ 7. Bxd2 Bxg7 8. 0-0-0 Be6 9. Bf4 Nd7 10. Kb1 0-0-0 11. Be2 Nc5 12. Nf3 Ne4 13. Be3 Bd5 14. Nd4 Nd6 15. Rhe1 Bxg2 16. Rg1 Bxd4 17. Bxd4 Rhg8 18. Bxa7 b6 19. a4 Bc6 20. Ba6+ Bb7 21. Bd3 Bf3 22. Ba6+ Kd7 23. Bb5+ c6 24. Bxb6 Bxd1 25. Rxd1 cxb5 26. Bxd8 Kxd8 27. axb5 Kc7 28. Rd5 Kb6 29. Rh5 Rg7 30. b4 f5 31. Kb2 Kxb5 32. Kb3 Rf7 33. Rh4 e5 34. c4+ Kc6 35. Rh6 Kd7 36. c5 Ne4 37. Kc4 Nxf2 38. Kd5 e4 39. b5 e3 40. Re6 Ne4 41. Ra6 Nc3+ 42. Kc4 e2 43. Ra7+ Ke6 44. Ra6+ Ke5 45. Ra8 Re7 0-1

[Event "Regionalliga SW 0910"]
[Site "Bayern"]
[Date "2009.11.15"]
[Round "2.8"]
[White "Zellweger, Wilfried"]
[Black "Sann, Michael"]
[Result "1-0"]
[WhiteElo "1956"]
[BlackElo "2019"]
[PlyCount "119"]
[EventDate "2009.10.18"]
[EventType "team-tourn"]
[EventRounds "9"]
[EventCountry "GER"]
[SourceTitle "EXT 2011"]
[Source "ChessBase"]
[SourceDate "2010.11.26"]
[SourceVersion "1"]
[SourceVersionDate "2010.11.26"]
[SourceQuality "1"]
[WhiteTeam "Tuerkheim/Bad Woerishofen"]
[BlackTeam "Unterhaching"]
[WhiteTeamCountry "GER"]
[BlackTeamCountry "GER"]

1. e4 Nf6 2. e5 Nd5 3. c4 Nb6 4. c5 Nd5 5. Bc4 e6 6. Nc3 Nf4 7. g3 Ng6 8. d4 b6 9. cxb6 Bb7 10. Nf3 axb6 11. 0-0 Nc6 12. Re1 Bb4 13. h4 h6 14. a3 Bxc3 15. bxc3 Nge7 16. Bd3 Ra7 17. Nd2 Qa8 18. Qg4 Kf8 19. Ne4 Na5 20. Rb1 h5 21. Qf4 Nd5 22. Qd2 Ba6 23. Bxa6 Rxa6 24. Qd3 Ra7 25. c4 Ne7 26. Nc3 Qc6 27. Rb4 Ra8 28. d5 exd5 29. cxd5 Qg6 30. Qf3 Re8 31. Nb5 c6 32. Nc7 Nxd5 33. Nxd5 cxd5 34. Qxd5 Kg8 35. Bf4 Kh7 36. Qxd7 Re6 37. Reb1 Rhe8 38. Qc7 Rc6 39. Qa7 Ree6 40. Rb5 Nc4 41. Rd1 Qf5 42. Qd7 Nxa3 43. Rbd5 b5 44. Rd6 Rcxd6 45. Rxd6 b4 46. Qb7 Nc2 47. Rd7 Kg6 48. Kh2 Re8 49. Kg1 Rf8 50. e6 b3 51. Rd5 Qh3 52. Qxb3 Rc8 53. Rg5+ Kh7 54. Rxh5+ Kg6 55. Rg5+ Kh7 56. exf7 g6 57. f8Q Qf1+ 58. Kxf1 Ne3+ 59. Ke1 Ng2+ 60. Kd2 1-0

[Event "Regionalliga SW 0405"]
[Site "Bayern"]
[Date "2005.01.16"]
[Round "5.5"]
[White "Sann, Michael"]
[Black "Rogg, Gerhard"]
[Result "1/2-1/2"]
[WhiteElo "2039"]
[BlackElo "2028"]
[PlyCount "38"]
[EventDate "2004.10.24"]
[EventType "team-tourn"]
[EventRounds "9"]
[EventCountry "GER"]
[SourceTitle "EXT 2007"]
[Source "ChessBase"]
[SourceDate "2006.11.23"]
[SourceVersion "1"]
[SourceVersionDate "2006.11.23"]
[SourceQuality "1"]
[WhiteTeam "Unterhaching"]
[BlackTeam "Sonthofen"]
[WhiteTeamCountry "GER"]
[BlackTeamCountry "GER"]

1. d4 d5 2. c4 e6 3. Nc3 f5 4. g3 Nf6 5. Bg2 c6 6. Nf3 Bd6 7. 0-0 Nbd7 8. c5 Bc7 9. b4 e5 10. dxe5 Nxe5 11. Nd4 0-0 12. b5 Ne4 13. Qb3 Nxc5 14. Qc2 Ne4 15. bxc6 bxc6 16. Nxe4 dxe4 17. Nxc6 Qf6 18. Nxe5 Bxe5 19. Rb1 Be6 1/2-1/2

[Event "Regionalliga SW 0304"]
[Site "Bayern"]
[Date "2004.03.07"]
[Round "7.6"]
[White "Wittke, Volker"]
[Black "Sann, Michael"]
[Result "1-0"]
[WhiteElo "2101"]
[BlackElo "2046"]
[PlyCount "99"]
[EventDate "2003.10.??"]
[EventType "team"]
[EventRounds "9"]
[EventCountry "GER"]
[SourceTitle "EXT 2006"]
[Source "ChessBase"]
[SourceDate "2005.11.24"]
[SourceVersion "1"]
[SourceVersionDate "2005.11.24"]
[SourceQuality "1"]
[WhiteTeam "Garching"]
[BlackTeam "Unterhaching"]
[WhiteTeamCountry "GER"]
[BlackTeamCountry "GER"]

1. e4 d5 2. exd5 Qxd5 3. Nc3 Qd6 4. Bc4 Nf6 5. d3 a6 6. Nge2 b5 7. Bb3 Bb7 8. f3 Nbd7 9. Be3 e6 10. 0-0 c5 11. a4 Qc6 12. Ne4 Be7 13. c3 0-0 14. Bc2 Rfd8 15. Qe1 Nd5 16. Bd2 N7f6 17. N2g3 Qb6 18. a5 Qc7 19. Ne2 Rac8 20. Kh1 Rd7 21. Qc1 Qd8 22. Rd1 Ba8 23. N2g3 Qc7 24. Ne2 Bd8 25. Be1 Qc6 26. Bf2 Be7 27. Re1 Rcd8 28. Qb1 Nxe4 29. dxe4 Nf6 30. e5 Ng4 31. Bg3 g6 32. Be4 Qc8 33. Bxa8 Qxa8 34. fxg4 Rd2 35. Bf4 R2d3 36. Qc2 Qe4 37. Nd4 Qxf4 38. Qxd3 cxd4 39. cxd4 Rxd4 40. Qf3 Bb4 41. Rf1 Qxf3 42. gxf3 Rd2 43. Rfc1 Rxb2 44. Rc6 Bd2 45. Rxa6 b4 46. Ra8+ Kg7 47. a6 b3 48. a7 Ra2 49. Rxa2 bxa2 50. Rg8+ 1-0

[Event "Regionalliga SW 0203"]
[Site "Bayern"]
[Date "2003.01.26"]
[Round "5.6"]
[White "Sann, Michael"]
[Black "Hahn, Dietmar"]
[Result "1-0"]
[WhiteElo "2074"]
[BlackElo "1879"]
[PlyCount "90"]
[EventDate "2002.10.20"]
[EventType "team"]
[EventRounds "9"]
[EventCountry "GER"]
[SourceTitle "EXT 2004"]
[Source "ChessBase"]
[SourceDate "2003.11.25"]
[SourceVersion "1"]
[SourceVersionDate "2003.11.25"]
[SourceQuality "1"]
[WhiteTeam "Unterhaching"]
[BlackTeam "Muenchen RTA"]
[WhiteTeamCountry "GER"]
[BlackTeamCountry "GER"]

1. d4 Nf6 2. Bg5 e6 3. Nf3 d5 4. c4 Be7 5. Nc3 0-0 6. e3 c6 7. Rc1 Nfd7 8. Bxe7 Qxe7 9. Bd3 dxc4 10. Bxc4 Nb6 11. Bb3 N8d7 12. 0-0 Nf6 13. Qd3 Nbd5 14. Rfd1 Bd7 15. e4 Nf4 16. Qd2 Ng6 17. d5 exd5 18. exd5 Qd6 19. dxc6 Qxd2 20. Rxd2 Bxc6 21. Nd4 Rac8 22. Nxc6 Rxc6 23. Rcd1 Ne7 24. Re2 Ng6 25. Red2 Ne7 26. Nb5 Nc8 27. g3 g6 28. Nc3 a6 29. Rd4 Kg7 30. Kg2 Re8 31. Ba4 b5 32. Nxb5 axb5 33. Bxb5 Na7 34. Bxc6 Nxc6 35. Rd6 Na5 36. b3 Re2 37. R1d2 Re1 38. Rd1 Re2 39. Rc1 Nb7 40. Rb6 Re7 41. a4 Nd8 42. a5 Ne6 43. a6 Ra7 44. Rcc6 Nd5 45. Rxe6 Rxa6 1-0

[Event "Regionalliga SW 0102"]
[Site "Bayern"]
[Date "2002.04.28"]
[Round "9.5"]
[White "Sann, Michael"]
[Black "Wiechmann, Gernot"]
[Result "1-0"]
[WhiteElo "2060"]
[BlackElo "1880"]
[PlyCount "97"]
[EventDate "2001.10.07"]
[EventType "team"]
[EventRounds "9"]
[EventCountry "GER"]
[SourceTitle "EXT 2003"]
[Source "ChessBase"]
[SourceDate "2002.11.25"]
[SourceVersion "1"]
[SourceVersionDate "2002.11.25"]
[SourceQuality "1"]
[WhiteTeam "Unterhaching"]
[BlackTeam "Sonthofen"]
[WhiteTeamCountry "GER"]
[BlackTeamCountry "GER"]

1. Nf3 Nf6 2. b4 g6 3. Bb2 Bg7 4. e3 0-0 5. c4 a5 6. a3 d6 7. Be2 Nbd7 8. 0-0 b6 9. d3 Bb7 10. Nbd2 Ra7 11. Qc2 e5 12. Rfc1 Qe7 13. Nb3 axb4 14. axb4 Rfa8 15. Rxa7 Rxa7 16. Ra1 Rxa1+ 17. Bxa1 Qf8 18. Qa2 Qb8 19. Nfd2 Bf8 20. d4 Ne4 21. Nxe4 Bxe4 22. d5 g5 23. Bc3 c6 24. f3 Bg6 25. dxc6 Nf6 26. Qa6 d5 27. Qb7 Bd6 28. c5 bxc5 29. bxc5 Bc7 30. Ba5 Ne8 31. Bb6 Bf5 32. Ba6 Qd8 33. g4 Be6 34. Bxc7 Nxc7 35. Bd3 d4 36. e4 Bc8 37. Qb8 Kg7 38. Nd2 Kf6 39. Nc4 Ke7 40. Nd6 Be6 41. Qa7 Kf8 42. Kf2 h6 43. Qb6 Ke7 44. Ke2 Na8 45. Qb7+ Kf8 46. Nb5 Qc8 47. Kd2 Qd8 48. c7 Nxc7 49. Nxc7 1-0

[Event "Regionalliga SW 0102"]
[Site "Bayern"]
[Date "2002.04.14"]
[Round "8.4"]
[White "Sann, Michael"]
[Black "Martin, Milan"]
[Result "1-0"]
[WhiteElo "2060"]
[BlackElo "2015"]
[PlyCount "75"]
[EventDate "2001.10.07"]
[EventType "team"]
[EventRounds "9"]
[EventCountry "GER"]
[SourceTitle "EXT 2003"]
[Source "ChessBase"]
[SourceDate "2002.11.25"]
[SourceVersion "1"]
[SourceVersionDate "2002.11.25"]
[SourceQuality "1"]
[WhiteTeam "Unterhaching"]
[BlackTeam "Muenchen 77"]
[WhiteTeamCountry "GER"]
[BlackTeamCountry "GER"]

1. Nf3 Nf6 2. g3 b5 3. Bg2 Bb7 4. 0-0 e6 5. d4 c5 6. c3 Qb6 7. Be3 Nd5 8. dxc5 Bxc5 9. Bxc5 Qxc5 10. Nbd2 0-0 11. Rc1 Nb6 12. Qc2 Na6 13. Ng5 Qxg5 14. Bxb7 Nc5 15. Bxa8 Rxa8 16. Ne4 Nxe4 17. Qxe4 d5 18. Qd3 Nc4 19. b3 Nd6 20. a4 bxa4 21. bxa4 h5 22. Rb1 h4 23. Rb4 hxg3 24. hxg3 Rc8 25. Rfb1 Ne4 26. Rb8 Qd8 27. Rxc8 Qxc8 28. Kg2 Nxc3 29. Rc1 d4 30. Rh1 Qc6+ 31. f3 Qxa4 32. Qh7+ Kf8 33. Qh8+ Ke7 34. Qxg7 Qc4 35. Rh8 Qxe2+ 36. Kh3 Qxf3 37. Qg5+ f6 38. Qc5+ 1-0

[Event "Regionalliga SW 0102"]
[Site "Bayern"]
[Date "2002.02.03"]
[Round "5.7"]
[White "Sann, Michael"]
[Black "Daurer, Walter"]
[Result "0-1"]
[WhiteElo "2060"]
[BlackElo "2085"]
[PlyCount "58"]
[EventDate "2001.10.07"]
[EventType "team"]
[EventRounds "9"]
[EventCountry "GER"]
[SourceTitle "EXT 2003"]
[Source "ChessBase"]
[SourceDate "2002.11.25"]
[SourceVersion "1"]
[SourceVersionDate "2002.11.25"]
[SourceQuality "1"]
[WhiteTeam "Unterhaching"]
[BlackTeam "Muenchen Tarrasch"]
[WhiteTeamCountry "GER"]
[BlackTeamCountry "GER"]

1. d4 Nf6 2. c4 g6 3. Nc3 Bg7 4. e4 0-0 5. Bg5 c6 6. Qd2 d5 7. cxd5 cxd5 8. e5 Ne4 9. Nxe4 dxe4 10. Bc4 Nc6 11. Ne2 Na5 12. Bb5 a6 13. b4 axb5 14. bxa5 f6 15. exf6 exf6 16. Be3 Qxa5 17. Qxa5 Rxa5 18. Kd2 f5 19. g3 Be6 20. Rhb1 Bc4 21. Nc1 Rfa8 22. Kd1 Kf7 23. h4 Ke6 24. Nb3 Rxa2 25. Rxa2 Rxa2 26. Nc5+ Kd5 27. Nxb7 Bxd4 28. Bxd4 Kxd4 29. Nd6 Bd3 0-1

[Event "Regionalliga SW 0102"]
[Site "Bayern"]
[Date "2002.01.20"]
[Round "4.7"]
[White "Friedrich, Wolfgang"]
[Black "Sann, Michael"]
[Result "0-1"]
[WhiteElo "1905"]
[BlackElo "2060"]
[PlyCount "56"]
[EventDate "2001.10.07"]
[EventType "team"]
[EventRounds "9"]
[EventCountry "GER"]
[SourceTitle "EXT 2003"]
[Source "ChessBase"]
[SourceDate "2002.11.25"]
[SourceVersion "1"]
[SourceVersionDate "2002.11.25"]
[SourceQuality "1"]
[WhiteTeam "Bobingen"]
[BlackTeam "Unterhaching"]
[WhiteTeamCountry "GER"]
[BlackTeamCountry "GER"]

1. e4 Nf6 2. e5 Nd5 3. d4 d6 4. Nf3 Bg4 5. c4 Nb6 6. exd6 exd6 7. Be2 Be7 8. Nc3 Nc6 9. b3 Bf6 10. Be3 0-0 11. 0-0 d5 12. c5 Nc8 13. Rb1 N8e7 14. h3 Bf5 15. Rb2 Re8 16. g4 Be6 17. g5 Bxh3 18. gxf6 Nf5 19. Bg5 h6 20. Kh2 Bxf1 21. Bxf1 hxg5 22. Qd3 Qxf6 23. Nxd5 Qg6 24. Nxc7 g4 25. Ne5 Rxe5 26. Nxa8 Ncxd4 27. Be2 Rxe2 28. Rxe2 Nf3+ 0-1

[Event "Regionalliga SW 0102"]
[Site "Bayern"]
[Date "2001.11.11"]
[Round "2.7"]
[White "Sann, Michael"]
[Black "Scharl, Walter"]
[Result "1-0"]
[WhiteElo "2060"]
[BlackElo "1980"]
[PlyCount "99"]
[EventDate "2001.10.07"]
[EventType "team"]
[EventRounds "9"]
[EventCountry "GER"]
[SourceTitle "EXT 2003"]
[Source "ChessBase"]
[SourceDate "2002.11.25"]
[SourceVersion "1"]
[SourceVersionDate "2002.11.25"]
[SourceQuality "1"]
[WhiteTeam "Unterhaching"]
[BlackTeam "Muenchen Suedost"]
[WhiteTeamCountry "GER"]
[BlackTeamCountry "GER"]

1. Nf3 d5 2. b3 Bg4 3. Bb2 Bxf3 4. gxf3 e6 5. e3 Nf6 6. f4 Nbd7 7. Bg2 Bd6 8. d3 c6 9. Nd2 Qa5 10. a3 h6 11. b4 Qc7 12. c4 g5 13. f5 Be5 14. Qc2 Bxb2 15. Qxb2 Qe5 16. Qxe5 Nxe5 17. fxe6 Nxd3+ 18. Ke2 dxc4 19. exf7+ Kxf7 20. Nxc4 Ng4 21. Kxd3 Nxf2+ 22. Ke2 Nxh1 23. Rxh1 Rad8 24. Rf1+ Kg7 25. Na5 Rd7 26. Bh3 Re7 27. Nc4 Rd8 28. Rd1 Rxd1 29. Kxd1 Kf6 30. Ke2 Re4 31. Kd3 Rh4 32. Bc8 b5 33. Na5 Rxh2 34. Nxc6 Ra2 35. e4 Rxa3+ 36. Kd4 Ra1 37. e5+ Kg7 38. e6 h5 39. e7 Kf7 40. Be6+ Ke8 41. Bf5 Rd1+ 42. Kc5 Rc1+ 43. Kxb5 Rxc6 44. Kxc6 Kxe7 45. Kb7 Kf6 46. Bd7 g4 47. Kxa7 Kg5 48. b5 h4 49. b6 h3 50. b7 1-0